The voice in my head (Record no. 78378)

MARC details
000 -LEADER
fixed length control field 00662nam a2200169 a 4500
008 - FIXED-LENGTH DATA ELEMENTS--GENERAL INFORMATION
fixed length control field 201202s2019 ||||||||||||||||| || u
020 ## - INTERNATIONAL STANDARD BOOK NUMBER
International Standard Book Number 9781335008497
050 ## - LIBRARY OF CONGRESS CALL NUMBER
Classification number PZ 7.D359
100 ## - MAIN ENTRY--PERSONAL NAME
Personal name Davis, Dana L
245 14 - TITLE STATEMENT
Title The voice in my head
Statement of responsibility, etc By Dana L. Davis
260 ## - PUBLICATION, DISTRIBUTION, ETC. (IMPRINT)
Place of publication, distribution, etc Ontario
Name of publisher, distributor, etc ink yard press
Date of publication, distribution, etc 2019
300 ## - PHYSICAL DESCRIPTION
Extent 308 pages
350 ## -
-- 15.03
650 ## - SUBJECT ADDED ENTRY--TOPICAL TERM
Topical term or geographic name as entry element ENGLISH LANGUAGE
995 ## - RECOMMENDATION 995 [LOCAL, UNIMARC FRANCE]
-- CBU-MAIN LIBRARY (Kitwe)
-- 15.03
-- 1
-- AVAILABLE
-- Dec 11, 2020
-- Fiction Collection
995 ## - RECOMMENDATION 995 [LOCAL, UNIMARC FRANCE]
-- CBU-MAIN LIBRARY (Kitwe)
-- 15.03
-- 2
-- AVAILABLE
-- Dec 11, 2020
-- Fiction Collection
Holdings
Withdrawn status Lost status Source of classification or shelving scheme Damaged status Not for loan Permanent Location Current Location Shelving location Date acquired Total Checkouts Full call number Barcode Checked out Date last seen Date checked out Copy number Price effective from Koha item type
          CBU-MAIN LIBRARY, KITWE. CBU-MAIN LIBRARY, KITWE.   05/16/2023 2 PZ 7.D359 750517 07/05/2025 06/19/2025 06/19/2025 1 05/16/2023 FICTON COLLECTON
          CBU-MAIN LIBRARY, KITWE. CBU-MAIN LIBRARY, KITWE.   05/16/2023 1 PZ 7.D359 750518   11/28/2025 09/02/2025 2 05/16/2023 FICTON COLLECTON